Online
Catalog

¿Embarazo natural o concepción milagrosa? / (Record no. 26934)

MARC details
000 -CABECERA
campo de control de longitud fija 00521nam a2200181 a 4500
001 - NÚMERO DE CONTROL
campo de control 000027442
005 - FECHA Y HORA DE LA ÚLTIMA TRANSACCIÓN
campo de control 20200930030833.0
008 - DATOS DE LONGITUD FIJA--INFORMACIÓN GENERAL
campo de control de longitud fija 110331s19uu dr 000 0 spa d
082 ## - NÚMERO DE LA CLASIFICACIÓN DECIMAL DEWEY
Número de clasificación xxxx
Número de documento/Ítem M332e
049 ## - FONDOS LOCALES (OCLC)
Fondos de biblioteca BNPHU
-- spa
Mención de copia BNPHU
049 ## - FONDOS LOCALES (OCLC)
Fondos de biblioteca BNPD
040 ## - FUENTE DE LA CATALOGACIÓN
Centro catalogador/agencia de origen DO-SdBNP
100 1# - ENTRADA PRINCIPAL--NOMBRE DE PERSONA
Nombre de persona Mariacristi J.
9 (RLIN) 54509
245 10 - MENCIÓN DE TÍTULO
Título ¿Embarazo natural o concepción milagrosa? /
Mención de responsabilidad, etc. Mariacristi J.
260 ## - PUBLICACIÓN, DISTRIBUCIÓN, ETC.
Lugar de publicación, distribución, etc. Santo Domingo :
Nombre del editor, distribuidor, etc. Fotomecánica Cipriano,
Fecha de publicación, distribución, etc. [19--].
300 ## - DESCRIPCIÓN FÍSICA
Extensión 107 p. ;
Dimensiones 21 cm.
504 ## - NOTA DE BIBLIOGRAFÍA, ETC.
Nota de bibliografía, etc. Bibliografía : p. 107
Holdings
Estado de retiro Estado de pérdida No para préstamo Código de colección Localización permanente Ubicación/localización actual Ubicación en estantería Fecha de adquisición Número de inventario Total de préstamos Signatura topográfica completa Código de barras Fecha visto por última vez Precio válido a partir de Tipo de ítem Koha
    Excluido de préstamo Patrimonio Dominicano Patrimonio Dominicano Patrimonio Dominicano En catalogación 31.03.2011 LF1   xxxx M332e 27442-10 25.06.2020 25.06.2020 Libro y Folleto Colección Patrimonio Dominicano

Powered by Koha